Comparative Split mouth study of post-operative sequelae after mandibular third molar surgery with extra-oral kinesiologic tape and elastic adhesive bandage application (Record no. 32103)

MARC details
000 -LEADER
fixed length control field 00463nam a22001337a 4500
003 - CONTROL NUMBER IDENTIFIER
control field SGT
082 ## - DEWEY DECIMAL CLASSIFICATION NUMBER
Classification number 617.522
Item number C25S
100 ## - MAIN ENTRY--PERSONAL NAME
Personal name Sangma, Alaida
245 ## - TITLE STATEMENT
Title Comparative Split mouth study of post-operative sequelae after mandibular third molar surgery with extra-oral kinesiologic tape and elastic adhesive bandage application
260 ## - PUBLICATION, DISTRIBUTION, ETC. (IMPRINT)
Place of publication, distribution, etc Gurugram, Haryana
Name of publisher, distributor, etc SGT University
Year of Publication 2025
300 ## - PAGE DESCRIPTION
No. of Pages 101
650 ## - SUBJECT ADDED ENTRY--TOPICAL TERM
Topical term or geographic name as entry element Oral & maxillofacial Surgery
942 ## - ADDED ENTRY ELEMENTS (KOHA)
Source of classification or shelving scheme Dewey Decimal Classification
Koha item type Thesis/Dissertation
Holdings
Withdrawn status Lost status Source of classification or shelving scheme Damaged status Use restrictions Not for loan Home library Current library Date acquired SGTU Total Checkouts Full call number Accession No. (Barcode) Date last seen Bill Date Koha item type
    Dewey Decimal Classification   Restricted Access Not For Loan SGT Dental Library SGT Dental Library 14/07/2025 SGTU   617.522 C25S DT2268 14/07/2025 14/07/2025 Thesis/Dissertation